000 01396cam a22003857a 4500
003 CHAP
005 20220329141109.0
008 971013s1995 mx r 00110 spa d
010 _a62531
011 _a63503
035 _a67679
040 _cCHAP
090 _aTesis
100 0 0 _aLópez Torres, Jorge Luis.
_968372
245 1 0 _aAlometría de variables dasométricas en árboles de vegetación secundaria, derivada de una selva mediana subperennifolia
_c/por Jorge Luis López Torres
260 _aChapingo, Méx. :
_bEl autor,
_c1995.
300 _a83 h.
502 _aTesis (M.C. en Ciencias Forestales) -- UACH. División de Ciencias Forestales
590 _aALEPH
_b10
_c20130110
_lUCH01
_h1345
590 _aBATCH-UPD
_b10
_c20130110
_lUCH01
_h0401
590 _aBATCH-UPD
_b10
_c20130110
_lUCH01
_h2115
590 _aBATCH-UPD
_b10
_c20130410
_lUCH01
_h0034
590 _aBATCH-UPD
_b10
_c20130914
_lUCH01
_h0717
590 _aCONVERSION
_b10
_c20130109
_lUCH01
_h1334
650 1 4 _aÁrboles
_xCrecimiento.
_96583
650 1 4 _aBosques
_xInventarios.
_914240
650 1 4 _aMedidas forestales.
_973926
650 1 4 _aRoza.
_9100413
901 _aBK
905 _aAlejandra Carrasco M.
942 _cFOLL
949 _bBC
_cTES
_d-153054
_eTS1
_h31147
_i67679
_sb
949 _bBC
_cTES
_d33724000635629
_eTS2
_fc.2
_h31148
_i67679
_sb
949 _bBC
_cTES
_d33724000713418
_eTS2
_fc.3
_h33842
_i67679
_sb
999 _c62531
_d62531